A textbook of engineering chemistry
Saved in:
| Hovedforfatter: | |
|---|---|
| Format: | Bog |
| Sprog: | engelsk |
| Udgivet: |
S. Chand Publishers
2010
|
| Tags: |
Tilføj Tag
Ingen Tags, Vær først til at tagge denne postø!
|
MARC
| LEADER | 00000nam a22000007a 4500 | ||
|---|---|---|---|
| 008 | 210420b ||||| |||| 00| 0 eng d | ||
| 020 | |a 81-219-0359-9 | ||
| 100 | |a DARA, S.S. | ||
| 245 | |a A textbook of engineering chemistry |c S.S. Dara, S.S. Umare |g xvi, 972p.; ill | ||
| 250 | |b 12th ed | ||
| 260 | |b S. Chand Publishers |c 2010 |h New Delhi |i 691682 |i 691683 |l PC4129 .E5J28 |m Chemical engineering - Textbook | ||
| 500 | |a “It includes bibliography and index”. | ||
| 942 | |a lcc |c BK |e Ogunmilade, F.T. |f 20/04/2021 | ||
| 952 | |0 0 |1 0 |2 lcc |4 0 |6 TP0155 D24 |7 0 |9 2272 |a HOL |b HOL |c QZ |d 2021-04-20 |l 0 |o TP155 .D24 |p 2021-6126 |r 2021-04-20 00:00:00 |w 2021-04-20 |y BK | ||
| 952 | |0 0 |1 0 |2 lcc |4 0 |6 TP0155 D24 |7 0 |9 2273 |a HOL |b TL |c QZ |d 2021-04-20 |l 0 |o TP155 .D24 |p 2021-6127 |r 2021-04-20 00:00:00 |w 2021-04-20 |y BK | ||
| 999 | |c 1169 |d 1169 | ||